Statistiche per Riconosci il film - n°3

Clicka qui per fare il quiz!

Statistiche generali

  • Questo quiz è stato fatto 30 volte
  • Il punteggio medio è 13 su 20

Statistiche sulle risposte

RegistaAnnoCastFilm% Corretto
Rob Cohen2001Paul Walker, Vin Diesel, Jordana Brewster, Michelle RodriguezFast and Furious
100%
Sam Raimi2002Tobey Maguire, Kirsten Dunst, Willem Dafoe, James FrancoSpider-Man
93%
Ridley Scott2000Russell Crowe, Joaquin Phoenix, Connie Nielsen, Richard HarrisIl gladiatore
90%
David Fincher1999Edward Norton, Brad Pitt, Helena Bonham Carter, Jared LetoFight Club
83%
Martin Scorsese2013Leonardo DiCaprio, Jonah Hill, Margot Robbie, Matthew McConaugheyThe Wolf of Wall Street
83%
Joe Pytka1996Michael Jordan, Wayne Knight, Theresa RandleSpace Jam
79%
Todd Phillips2019Joaquin Phoenix, Robert De Niro, Zazie Beetz, Frances ConroyJoker
76%
Stanley Kubrick1999Tom Cruise, Nicole Kidman, Sydney Pollack, Marie RichardsonEyes Wide Shut
72%
Blake Edwards1961Audrey Hepburn, George Peppard, Mickey Rooney, Patricia NealColazione da Tiffany
69%
Florian Henckel von Donnersmarck2005Johnny Depp, Angelina Jolie, Paul Bettany, Timothy DaltonThe Tourist
69%
Michael Bay2007Shia LaBeouf, Megan Fox, Josh Duhamel, Tyrese GibsonTransformers
69%
David O. Russell2012Bradley Cooper, Jennifer Lawrence, Robert De Niro, Chris Tucker, Jacki WeaverIl lato positivo - Silver Linings Playbook
62%
Martin Campbell1998Antonio Banderas, Anthony Hopkins, Catherine Zeta-Jones Stuart WilsonLa maschera di Zorro
55%
Nick Cassavetes2004Ryan Gosling, Rachel McAdams, James Marsden, Gena RowlandsLe pagine della nostra vita
55%
Tim Burton2010Mia Wasikowska, Johnny Depp, Helena Bonham Carter, Anne HathawayAlice in Wonderland
48%
Morten Tyldum2014Benedict Cumberbatch, Keira Knightley, Matthew Goode, Charles DanceThe Imitation Game
48%
John G. Avildsen1984Ralph Macchio, William Zabka, Noriyuki "Pat" Morita, Elisabeth ShuePer vincere domani - The Karate Kid
45%
James Mangold1999Winona Ryder, Angelina Jolie, Clea DuVall, Jared Leto, Brittany MurphyRagazze interrotte
41%
Michael Bay2001Ben Affleck, Josh Hartnett, Kate Beckinsale, Alec BaldwinPearl Harbor
38%
Jan de Bont1994Keanu Reeves, Sandra Bullock, Dennis Hopper, Joe MortonSpeed
38%

Distribuzione punteggi

Percentile per numero di risposta

Percentuale di utenti per punteggio

I tuoi punteggi nel tempo

Non hai fatto questo quiz